The combing of history

Αποθηκεύτηκε σε:
Λεπτομέρειες βιβλιογραφικής εγγραφής
Κύριος συγγραφέας: Cohen, David William
Μορφή: Βιβλίο
Γλώσσα:English
Δημοσίευση: Chicago : University of Chicago Press, 1994
Θέματα:
Ετικέτες: Προσθήκη ετικέτας
Δεν υπάρχουν, Καταχωρήστε ετικέτα πρώτοι!

MARC

LEADER 00000nam a2200000 i 4500
001 1/102134
008 950526s1994 eng d
020 |a 0226112780 
035 |l 10012380 
040 |a GR-MY-UA  |b gre  |e aacr 
041 0 |a eng 
082 0 |a 901 
100 1 |a Cohen, David William. 
245 1 4 |a The combing of history /  |c Cohen David William 
260 |a Chicago :   |b University of Chicago Press,   |c 1994 
300 |a 263 p. 
504 |a Includes bibliographical references and index 
650 0 0 |a History  |x Methodology. 
651 0 |a United States  |x History. 
651 0 |a Uganda  |x History. 
651 0 |a Kenya  |x History. 
852 |a INST  |b LESVOS  |e 19950526  |h 901 COH  |p 005100008348  |q 005100008348  |t BK  |y 0 
909 |a Λ  |b 041228 
950 |a 020-1995-02-23